[Event "21st Dubai Open 2019"]
[Site "Dubai UAE"]
[Date "2019.04.08"]
[Round "8.26"]
[White "Divya, Deshmukh"]
[Black "Jeet, Jain"]
[Result "1-0"]
[WhiteTitle "WIM"]
[BlackTitle "FM"]
[WhiteElo "2266"]
[BlackElo "2219"]
[WhiteFideId "35006916"]
[BlackFideId "5073022"]
[EventDate "2019.04.01"]

1. e4 e5 2. Nf3 Nc6 3. Bb5 a6 4. Ba4 Nf6 5. O-O Be7 6. Re1 b5 7. Bb3 d6 8. c3
O-O 9. h3 Na5 10. Bc2 c5 11. d4 Qc7 12. Nbd2 Bd7 13. Nf1 Nc4 14. b3 Nb6 15. Bg5
c4 16. Be3 Rfb8 17. Qd2 a5 18. Reb1 cxb3 19. axb3 a4 20. Ng3 axb3 21. Bxb3 Nc4
22. Bxc4 bxc4 23. Rxb8+ Rxb8 24. dxe5 dxe5 25. Ra7 Qd6 26. Qa2 Be6 27. Ra6 Qd1+
28. Kh2 Nd7 29. Nd2 h6 30. Rc6 Qc1 31. Nxc4 Qxc3 32. Qa7 Rd8 33. Na5 Qa3 34. Qc7
Nb8 35. Bc5 Qxa5 36. Qxa5 Nxc6 37. Qb6 Rc8 38. Be3 Nb4 39. Qb5 Nc2 40. Ba7 Nd4
41. Qb1 Rd8 42. Qb7 Rd7 43. Qb8+ Rd8 44. Qxe5 Nc6 45. Qc7 Nxa7 46. Qxe7 Nc6 47.
Qc7 Rc8 48. Qd6 Na5 49. Qa6 Nb3 50. Nh5 Nc5 51. Qa1 f6 52. e5 Bf7 53. Ng3 fxe5
54. Qxe5 Nd7 55. Qd4 Nf6 56. Nf5 Kh7 57. Qa7 Rf8 58. Qe7 Kg8 59. Nxh6+ gxh6 60.
Qxf6 h5 61. f4 Ra8 62. g4 Ra2+ 63. Kg3 hxg4 64. hxg4 Ra3+ 65. Kh4 Re3 66. f5 Re1
67. Kg5 Rd1 68. Qh6 Rd5 69. Kh4 Rd1 70. Kg3 Rd3+ 71. Kh2 Rd7 72. Qg5+ Kf8 73.
Qf4 Rb7 74. g5 Rb2+ 75. Kg3 Rb3+ 76. Kh4 Kg7 77. g6 Bg8 78. f6+ Kf8 79. Qd6+ 1-0

[Event "21st Dubai Open 2019"]
[Site "Dubai UAE"]
[Date "2019.04.08"]
[Round "8.28"]
[White "Concio, Michael Jr."]
[Black "Tokhirjonova, Gulrukhbegim"]
[Result "0-1"]
[BlackTitle "WGM"]
[WhiteElo "2082"]
[BlackElo "2434"]
[WhiteFideId "5217873"]
[BlackFideId "14203626"]
[EventDate "2019.04.01"]

1. c4 e5 2. Nc3 Nc6 3. g3 Nf6 4. Bg2 Bc5 5. e3 a6 6. Nge2 d6 7. O-O h5 8. d4 Ba7
9. h4 Bg4 10. f3 Bd7 11. Kh2 Nh7 12. d5 Ne7 13. f4 Nf6 14. Bf3 Ng6 15. Kg2 Bg4
16. Qa4+ Kf8 17. Ng1 Qc8 18. Qd1 exf4 19. exf4 Ne7 20. Re1 Nf5 21. Ne4 Bxg1 22.
Nxf6 gxf6 23. Bxg4 hxg4 24. Rxg1 c5 25. b3 b5 26. Qd3 Rb8 27. Rb1 Kg7 28. cxb5
axb5 29. Bb2 Re8 30. Rge1 Qd7 31. Rbd1 b4 32. Re2 Ra8 33. Rde1 Rxe2+ 34. Rxe2
Ne7 35. Qe4 Ra7 36. Kh2 Qf5 37. Qxf5 Nxf5 38. Kg2 Kg6 39. h5+ Kxh5 40. Bxf6 Kg6
41. Ba1 Re7 42. Rxe7 Nxe7 43. Kf2 Nxd5 44. Ke2 Ne7 45. Bb2 Kf5 46. Ke3 Ke6 47.
a4 bxa3 48. Bxa3 Nf5+ 49. Kd3 Kd5 50. b4 c4+ 0-1

[Event "21st Dubai Open 2019"]
[Site "Dubai UAE"]
[Date "2019.04.08"]
[Round "8.29"]
[White "Saif, Malek"]
[Black "Sundararajan, Kidambi"]
[Result "0-1"]
[WhiteTitle "CM"]
[BlackTitle "GM"]
[WhiteElo "2019"]
[BlackElo "2413"]
[WhiteFideId "8104220"]
[BlackFideId "5005370"]
[EventDate "2019.04.01"]

1. e4 e5 2. Nf3 d6 3. Bc4 Be7 4. O-O Nf6 5. d3 O-O 6. Re1 c6 7. c3 Nbd7 8. Nbd2
b5 9. Bb3 a5 10. Nf1 a4 11. Bc2 Re8 12. d4 Qc7 13. Bg5 h6 14. Bh4 Nf8 15. Bg3
Ng6 16. Ne3 Bf8 17. Rc1 Be6 18. d5 Bd7 19. Nh4 c5 20. Nhf5 Ne7 21. Qf3 Nxf5 22.
Nxf5 Bxf5 23. Qxf5 Qd7 24. Qf3 Qg4 25. Qd3 c4 26. Qf1 Rec8 27. a3 Re8 28. Re3
Be7 29. h3 Qg6 30. Rce1 Nxd5 31. R3e2 Nf6 32. Bh2 Nd7 33. f4 Bd8 34. Rd1 Bb6+
35. Kh1 Bc5 36. fxe5 Nxe5 37. Rd5 Nd3 38. Bxd3 cxd3 39. Rxd3 Rxe4 40. Rxe4 Qxe4
41. Bxd6 Rd8 42. Qd1 Qg6 43. c4 bxc4 44. Rd5 Rxd6 45. Qxa4 Qb1+ 46. Kh2 Qg1+ 47.
Kg3 Rg6+ 48. Kf4 Qe3+ 0-1

[Event "21st Dubai Open 2019"]
[Site "Dubai UAE"]
[Date "2019.04.08"]
[Round "8.30"]
[White "Nitin, S."]
[Black "Aaryan, Varshney"]
[Result "1-0"]
[WhiteTitle "IM"]
[BlackTitle "FM"]
[WhiteElo "2408"]
[BlackElo "2202"]
[WhiteFideId "5018277"]
[BlackFideId "45048975"]
[EventDate "2019.04.01"]

1. e4 c5 2. Nf3 d6 3. d4 cxd4 4. Qxd4 Nc6 5. Qe3 g6 6. Be2 Bg7 7. O-O Nf6 8. h3
O-O 9. Rd1 Nd7 10. Nc3 b6 11. b3 Bb7 12. Bb2 Rc8 13. Rd2 a6 14. Nd1 b5 15. Bxg7
Kxg7 16. c4 bxc4 17. Bxc4 Qb6 18. Bd5 Qxe3 19. Nxe3 Nf6 20. Nd4 Nxd5 21. exd5
Nxd4 22. Rxd4 Rc5 23. b4 Rc3 24. a4 Rfc8 25. Rb1 f5 26. Kh2 Kf6 27. Re1 Ra3 28.
g4 Rcc3 29. gxf5 gxf5 30. Rh4 Bc8 31. a5 Rab3 32. Rg1 h5 33. Rxh5 Rxb4 34. Rh6+
Ke5 35. Rg7 Rc7 36. Rh5 Rf4 37. Kg3 Ra4 38. Rf7 Rxa5 39. Nxf5 Bxf5 40. Rhxf5+
Kd4 41. h4 Rxd5 42. Rxd5+ Kxd5 43. h5 Ke6 44. Rf4 Rc8 45. Kh4 Ke5 46. Rf7 Ke6
47. Rf3 Rc1 48. h6 Rh1+ 49. Kg5 Rg1+ 50. Kh5 Rh1+ 51. Kg6 Ke5 52. h7 e6 53. Kg7
Kd4 54. Rf6 Rxh7+ 55. Kxh7 Kd5 56. Kg6 a5 57. Kf7 a4 58. Rf4 e5 59. Rxa4 Kc5 60.
Ke6 1-0

[Event "21st Dubai Open 2019"]
[Site "Dubai UAE"]
[Date "2019.04.08"]
[Round "8.32"]
[White "Saurabh, Anand"]
[Black "Chekh Adm Khedr, Aram"]
[Result "1/2-1/2"]
[WhiteElo "2385"]
[BlackElo "2155"]
[WhiteFideId "5094496"]
[BlackFideId "7601948"]
[EventDate "2019.04.01"]

1. e4 e5 2. Nf3 Nc6 3. d4 exd4 4. Nxd4 Nf6 5. Nxc6 bxc6 6. e5 Qe7 7. Qe2 Nd5 8.
c4 Ba6 9. Nd2 g6 10. Nf3 Bg7 11. Bg5 Qb4+ 12. Qd2 Qxd2+ 13. Kxd2 Nb6 14. c5 Bxf1
15. Rhxf1 Nd5 16. Rac1 Rb8 17. b3 O-O 18. Rc4 Rfe8 19. Re1 a5 20. Re2 h6 21. Bh4
Rb4 22. Bg3 Reb8 23. Ree4 Re8 24. Re2 Reb8 25. Ree4 Re8 26. Re2 Reb8 27. Bh4 Re8
28. Bg3 Reb8 29. Ree4 Re8 30. Re2 Reb8 31. Ree4 Re8 32. Re2 Rxc4 33. bxc4 Nb4 1/2-1/2

[Event "21st Dubai Open 2019"]
[Site "Dubai UAE"]
[Date "2019.04.08"]
[Round "8.33"]
[White "Assaubayeva, Bibisara"]
[Black "Sri, Sai Baswanth P"]
[Result "1-0"]
[WhiteTitle "FM"]
[WhiteElo "2376"]
[BlackElo "2018"]
[WhiteFideId "13708694"]
[BlackFideId "25088793"]
[EventDate "2019.04.01"]

1. d4 Nf6 2. c4 c5 3. d5 e6 4. Nc3 exd5 5. cxd5 d6 6. Nf3 g6 7. Bf4 a6 8. a4 Bg7
9. h3 O-O 10. e3 Ne8 11. Be2 Nd7 12. O-O Ne5 13. Nd2 f5 14. Bh2 Bd7 15. a5 Bb5
16. Qb3 Bxe2 17. Nxe2 Rb8 18. Bxe5 Bxe5 19. Nc4 Qe7 20. Rad1 Nc7 21. Nc3 Rfe8
22. Rfe1 h6 23. Nxe5 Qxe5 24. f4 Qf6 25. e4 fxe4 26. Nxe4 Qxf4 27. Qd3 Nb5 28.
Re3 Kg7 29. Kh1 Rf8 30. Rg3 Qf5 31. Rf3 Qe5 32. Rg3 Rf5 33. Re3 Qxb2 34. Ng3 Re5
35. Rf3 Nd4 36. Rf4 Ne2 37. Rf2 Rbe8 38. Rdf1 R8e7 39. Rf6 Nxg3+ 40. Qxg3 Rg5
41. Qf3 Qe5 42. Re6 Rf5 43. Rxe5 Rexe5 44. Qd1 Rxd5 45. Qa1+ Kh7 46. g4 Rxf1+
47. Qxf1 Kg7 48. Qf3 Rd4 49. Qxb7+ Kf6 50. Qxa6 c4 51. Qc6 Kg5 52. a6 Kh4 53. a7 1-0

[Event "21st Dubai Open 2019"]
[Site "Dubai UAE"]
[Date "2019.04.08"]
[Round "8.34"]
[White "Rathnakaran, K."]
[Black "San Diego, Jerlyn Mae"]
[Result "1/2-1/2"]
[WhiteTitle "IM"]
[WhiteElo "2361"]
[BlackElo "1904"]
[WhiteFideId "5005507"]
[BlackFideId "5213401"]
[EventDate "2019.04.01"]

1. e4 c5 2. Nf3 g6 3. h4 h5 4. c3 Bg7 5. d4 cxd4 6. cxd4 d5 7. e5 Nc6 8. Nc3 Bg4
9. Qb3 Bxf3 10. gxf3 Nxd4 11. Qa4+ Nc6 12. e6 fxe6 13. Bd3 Qa5 14. Bxg6+ Kd7 15.
Qxa5 Nxa5 16. Ne2 Nc6 17. Ng3 Nf6 18. f4 e5 19. f5 Nd4 20. Kd1 Rac8 21. Rf1 Nf3
22. Bg5 Rc4 23. Bxf6 Bxf6 24. Bxh5 Nxh4 25. Bf7 Kd6 26. b3 Rd4+ 27. Ke2 Ng2 28.
Rad1 Nf4+ 29. Kf3 Rxd1 30. Rxd1 Rf8 31. Bxd5 Nxd5 32. Ke4 e6 33. fxe6 Kxe6 34.
Rxd5 Rc8 35. Rd2 Bg5 36. Re2 b5 37. Nf5 a5 38. Ne3 Bxe3 39. fxe3 a4 40. Rh2 axb3
41. axb3 Rc3 42. Rh6+ Kd7 43. b4 Rc4+ 44. Kxe5 Rxb4 45. Rh7+ Kc6 46. e4 Rb1 47.
Rh8 b4 48. Rb8 Kc5 49. Rc8+ Kb5 50. Rb8+ Kc5 51. Rc8+ Kb5 52. Rb8+ Kc5 1/2-1/2

[Event "21st Dubai Open 2019"]
[Site "Dubai UAE"]
[Date "2019.04.08"]
[Round "8.36"]
[White "Mendonca, Leon Luke"]
[Black "Franco Valencia, Angela"]
[Result "1/2-1/2"]
[WhiteTitle "CM"]
[BlackTitle "WIM"]
[WhiteElo "2446"]
[BlackElo "2141"]
[WhiteFideId "35028561"]
[BlackFideId "4403070"]
[EventDate "2019.04.01"]

1. d4 Nf6 2. Bg5 c5 3. Bxf6 exf6 4. dxc5 Bxc5 5. e3 O-O 6. Nd2 d5 7. Nb3 Bb6 8.
Nf3 Nc6 9. Be2 Re8 10. O-O Bg4 11. c3 Rc8 12. Qd2 a6 13. Rfe1 Qe7 14. Rad1 Red8
15. Nfd4 Be6 16. Nxc6 bxc6 17. Qc2 a5 18. c4 c5 19. cxd5 Bxd5 20. Nd2 g6 21. Bf3
Be6 22. Nc4 Bc7 23. g3 h5 24. Qc3 a4 25. Qc2 h4 26. Qxa4 hxg3 27. hxg3 Kg7 28.
Rxd8 Rxd8 29. b3 Rh8 30. Rd1 Bg4 31. Qc6 Qe6 32. Rd2 Qf5 33. Bxg4 Qxg4 34. Nd6
Bxd6 35. Rxd6 Qe2 36. g4 1/2-1/2

[Event "21st Dubai Open 2019"]
[Site "Dubai UAE"]
[Date "2019.04.08"]
[Round "8.37"]
[White "Thrish, Karthik"]
[Black "Akash, G"]
[Result "0-1"]
[BlackTitle "IM"]
[WhiteElo "2096"]
[BlackElo "2411"]
[WhiteFideId "46626433"]
[BlackFideId "5040299"]
[EventDate "2019.04.01"]

1. Nf3 Nf6 2. c4 d6 3. d4 g6 4. Nc3 Bg7 5. e4 O-O 6. h3 e5 7. dxe5 dxe5 8. Be3
Nbd7 9. Be2 Nh5 10. Bg5 Bf6 11. Bh6 Re8 12. O-O c6 13. Qd2 Qc7 14. Rfd1 Nf4 15.
Bf1 Ne6 16. Be3 a5 17. Rac1 Ndc5 18. Qc2 b6 19. b3 Bb7 20. a3 a4 21. b4 Nb3 22.
Nxa4 Nxc1 23. Bxb6 Qb8 24. Rxc1 Bc8 25. c5 Nd4 26. Nxd4 exd4 27. Ba5 Bd8 28.
Bxd8 Rxd8 29. Nb6 Rxa3 30. Qb2 Ra7 31. Rd1 Qe5 32. Nxc8 Rxc8 33. Rxd4 Rd7 34.
Rd2 Qxb2 35. Rxb2 Rb8 36. f3 Rd1 37. Kf2 Rc1 38. Bd3 Rxc5 39. Ke3 Rc3 40. Kd4
Rc1 41. Bc2 c5+ 42. Ke5 cxb4 43. Kf6 Rb6+ 44. Kg5 Kg7 0-1

[Event "21st Dubai Open 2019"]
[Site "Dubai UAE"]
[Date "2019.04.08"]
[Round "8.38"]
[White "Manush, Shah"]
[Black "Sultan, Ibrahim"]
[Result "1-0"]
[WhiteTitle "FM"]
[BlackTitle "IM"]
[WhiteElo "2405"]
[BlackElo "2121"]
[WhiteFideId "5040680"]
[BlackFideId "9301143"]
[EventDate "2019.04.01"]

1. d4 d5 2. c4 e6 3. Nf3 Nf6 4. e3 c6 5. b3 Bb4+ 6. Nbd2 Ne4 7. Bd3 f5 8. O-O
Nd7 9. a3 Ba5 10. Bb2 O-O 11. b4 Bc7 12. Qc2 Rf6 13. Ne5 Rh6 14. f4 Nxd2 15.
Qxd2 Nxe5 16. fxe5 dxc4 17. Bxc4 Bxe5 18. g3 g6 19. e4 Rh5 20. exf5 gxf5 21. Qe3
Bg7 22. Bxe6+ Bxe6 23. Qxe6+ Kh8 24. Rf4 Qb6 25. Re1 Rf8 26. Qd7 Rh6 27. Rxf5
Rhf6 28. Rxf6 Bxf6 29. Qd6 Bg7 30. Qc5 Qd8 31. Re4 a6 32. Bc3 Qd7 33. d5 Qf5 34.
Bxg7+ Kxg7 35. Qd4+ Qf6 36. Re7+ Kg8 37. Qxf6 Rxf6 38. dxc6 bxc6 39. Ra7 Rd6 40.
Rxa6 Kf7 41. Kg2 Rd2+ 42. Kh3 Rc2 43. a4 Rc4 44. b5 cxb5 45. axb5 Rb4 46. Rb6
Kg7 47. g4 h6 48. Kg3 Rb2 49. h4 Rb4 50. h5 Rb1 51. Rg6+ Kh7 52. b6 Rb4 53. Kf3 1-0

[Event "21st Dubai Open 2019"]
[Site "Dubai UAE"]
[Date "2019.04.09"]
[Round "9.6"]
[White "Vignesh, N R"]
[Black "Aravindh, Chithambaram VR."]
[Result "1/2-1/2"]
[WhiteTitle "IM"]
[BlackTitle "GM"]
[WhiteElo "2476"]
[BlackElo "2599"]
[WhiteFideId "25012215"]
[BlackFideId "5072786"]
[EventDate "2019.04.01"]

1. d4 Nf6 2. c4 e6 3. Nf3 d5 4. Nc3 c6 5. e3 Nbd7 6. Bd3 dxc4 7. Bxc4 b5 8. Bd3
Bb7 9. O-O a6 10. Ne4 c5 11. Nxc5 Nxc5 12. dxc5 Bxc5 13. Qe2 O-O 14. e4 Nd7 15.
Bf4 Qb6 16. a3 Rfc8 17. b4 Be7 18. Be3 Qd8 19. Rfd1 Qe8 20. Rac1 Rxc1 21. Rxc1
Rc8 22. Rxc8 Qxc8 23. Qc2 Qxc2 24. Bxc2 Bf6 25. Bd4 Bxd4 26. Nxd4 Ne5 27. f3 Nc4
28. a4 bxa4 29. Bxa4 Kf8 30. Bc2 a5 31. bxa5 1/2-1/2

[Event "21st Dubai Open 2019"]
[Site "Dubai UAE"]
[Date "2019.04.09"]
[Round "9.7"]
[White "Can, Emre"]
[Black "Debashis, Das"]
[Result "1/2-1/2"]
[WhiteTitle "GM"]
[BlackTitle "GM"]
[WhiteElo "2586"]
[BlackElo "2532"]
[WhiteFideId "6302181"]
[BlackFideId "5024854"]
[EventDate "2019.04.01"]

1. d4 Nf6 2. c4 e6 3. Nf3 b6 4. g3 Ba6 5. Nbd2 d5 6. Bg2 Be7 7. O-O O-O 8. cxd5
exd5 9. Ne5 Bb7 10. b3 Nbd7 11. Bb2 c5 12. dxc5 bxc5 13. Nxd7 Qxd7 14. e4 d4 15.
Re1 a5 16. Nc4 Ra6 17. a4 Re8 18. Ba3 Bf8 19. f3 Qd8 20. Rc1 Nd7 21. Qd2 Qa8 22.
Qf4 Bc8 23. Rc2 Qb7 24. Rb1 Nb6 25. Nd2 Nd7 26. Nc4 Nb6 27. Nd2 Nd7 28. Nc4 1/2-1/2

[Event "21st Dubai Open 2019"]
[Site "Dubai UAE"]
[Date "2019.04.09"]
[Round "9.9"]
[White "Visakh, N R"]
[Black "Mareco, Sandro"]
[Result "1/2-1/2"]
[WhiteTitle "IM"]
[BlackTitle "GM"]
[WhiteElo "2509"]
[BlackElo "2666"]
[WhiteFideId "25012223"]
[BlackFideId "112275"]
[EventDate "2019.04.01"]

1. d4 Nf6 2. c4 g6 3. Nc3 d5 4. Nf3 Bg7 5. Qb3 dxc4 6. Qxc4 O-O 7. e4 Bg4 8. Be2
Nfd7 9. Be3 Nb6 10. Qc5 e6 11. O-O-O Re8 12. h3 N8d7 13. Qb5 c6 14. Qd3 Bxf3 15.
Bxf3 Qe7 16. Be2 c5 17. Kb1 Rac8 18. Nb5 a6 19. dxc5 Nxc5 20. Qd6 axb5 21. Qxb6
Nxe4 22. Qxb5 Qf6 23. Rc1 Nd6 24. Qb3 b5 25. Rxc8 Rxc8 26. Rc1 Nc4 27. a3 Qe5
28. Ka2 Rb8 29. Rc2 Nxe3 30. fxe3 h5 31. Bf3 Bh6 32. Qc3 Qxe3 33. Qxe3 Bxe3 34.
Rc7 f5 35. Rb7 Rd8 36. Rxb5 Rd2 37. Re5 Rxb2+ 38. Kxb2 Bd4+ 39. Kc2 Bxe5 40. a4
h4 41. a5 Bd4 42. Kd3 Bf2 43. Ke2 Ba7 44. Bc6 Kg7 45. Be8 g5 46. Bd7 Kf6 47. a6
e5 48. Bc8 e4 49. Kf1 Ke5 50. Bd7 Kf4 51. Be6 Bb6 52. Bd7 Bd4 53. Be6 Ba7 54.
Bd7 g4 55. hxg4 Kxg4 56. Ke2 Kg5 57. Be6 h3 58. gxh3 f4 59. Bg4 Kh4 60. Bf3
exf3+ 61. Kxf3 1/2-1/2

[Event "21st Dubai Open 2019"]
[Site "Dubai UAE"]
[Date "2019.04.09"]
[Round "9.11"]
[White "Vokhidov, Shamsiddin"]
[Black "Adly, Ahmed"]
[Result "0-1"]
[WhiteTitle "IM"]
[BlackTitle "GM"]
[WhiteElo "2494"]
[BlackElo "2611"]
[WhiteFideId "14204223"]
[BlackFideId "10601619"]
[EventDate "2019.04.01"]

1. e4 c5 2. Nf3 Nc6 3. d4 cxd4 4. Nxd4 Nf6 5. Nc3 e5 6. Ndb5 d6 7. Bg5 a6 8. Na3
b5 9. Nd5 Be7 10. Bxf6 Bxf6 11. c3 O-O 12. Nc2 Be6 13. Nxf6+ Qxf6 14. Qxd6 Rac8
15. Qd1 Rfd8 16. Qf3 Qg5 17. Ne3 Nd4 18. cxd4 exd4 19. Nd1 Rc2 20. Qd3 Qc5 21.
a3 f5 22. f3 fxe4 23. fxe4 b4 24. Be2 b3 25. Qxa6 Bf7 26. Qb5 Qa7 27. Bd3 Rxg2
28. Rf1 Rc8 29. Rf2 Rg1+ 30. Kd2 Qc7 31. a4 Be6 32. a5 g6 33. Qb4 Qd8 34. Qb5
Qc7 35. Qb6 Qe5 36. h4 Rb8 37. Qa6 Rf8 38. Bf1 Rxf2+ 39. Nxf2 Qf4+ 40. Ke1 Qe3+
41. Qe2 Bc4 0-1

[Event "21st Dubai Open 2019"]
[Site "Dubai UAE"]
[Date "2019.04.09"]
[Round "9.14"]
[White "Ghaem Maghami, Ehsan"]
[Black "Dimakiling, Oliver"]
[Result "1-0"]
[WhiteTitle "GM"]
[BlackTitle "IM"]
[WhiteElo "2536"]
[BlackElo "2423"]
[WhiteFideId "12500739"]
[BlackFideId "5202248"]
[EventDate "2019.04.01"]

1. d4 Nf6 2. Nf3 e6 3. c4 d5 4. g3 g6 5. Bg2 Bg7 6. O-O O-O 7. Qc2 Nc6 8. Nc3
dxc4 9. Rd1 Rb8 10. Qa4 b5 11. Nxb5 Bd7 12. Nc3 Nb4 13. Qxa7 Nfd5 14. Bd2 Re8
15. Qc5 Bc8 16. Ne5 Bf8 17. Qxc4 Ba6 18. Qb3 f6 19. Nxd5 exd5 20. Bxb4 Rxb4 21.
Qxd5+ Qxd5 22. Bxd5+ Kg7 23. Nc6 Rxb2 24. e3 Rb6 25. a4 Bb7 26. Rdc1 Ra8 27. a5
Rb2 28. Nb4 c6 29. Nxc6 Bd6 30. Bg2 f5 31. Ne5 Bxg2 32. Nc4 Rbb8 33. Kxg2 Bc7
34. Rab1 1-0

[Event "21st Dubai Open 2019"]
[Site "Dubai UAE"]
[Date "2019.04.09"]
[Round "9.17"]
[White "Sindarov, Javokhir"]
[Black "Nitin, S."]
[Result "1-0"]
[WhiteTitle "GM"]
[BlackTitle "IM"]
[WhiteElo "2505"]
[BlackElo "2408"]
[WhiteFideId "14205483"]
[BlackFideId "5018277"]
[EventDate "2019.04.01"]

1. e4 c5 2. Nc3 a6 3. g3 b5 4. Bg2 Bb7 5. Nge2 e6 6. d4 cxd4 7. Nxd4 Nf6 8. O-O
b4 9. Na4 Bxe4 10. Bxe4 Nxe4 11. c4 bxc3 12. Re1 d5 13. Nxc3 Be7 14. Nxe4 dxe4
15. Rxe4 O-O 16. Qb3 Bf6 17. Be3 Qd5 18. Qxd5 exd5 19. Rf4 Nd7 20. Rd1 Be5 21.
Rf3 Rfe8 22. b3 Rac8 23. Kg2 g6 24. Rd2 Bg7 25. Nc2 Nf6 26. Nb4 Ne4 27. Rxd5 Re6
28. Rd7 f5 29. Ra7 Bf8 30. Nxa6 Rc2 31. a4 Rcc6 32. Nc7 Re7 33. Nb5 Rxa7 34.
Bxa7 Bb4 35. Rd3 Rc2 36. Rd8+ Kf7 37. Be3 Rb2 38. Rd7+ Ke6 39. Rd1 g5 40. Bb6
Kf7 41. a5 Ra2 42. Rd5 Kg6 43. Nc7 Be1 44. a6 Bxf2 45. Ra5 Rd2 46. Bxf2 Nxf2 47.
Kf1 f4 48. a7 1-0

[Event "21st Dubai Open 2019"]
[Site "Dubai UAE"]
[Date "2019.04.09"]
[Round "9.18"]
[White "Nguyen, Anh Khoi"]
[Black "Hedman, Erik"]
[Result "1-0"]
[WhiteTitle "IM"]
[BlackTitle "FM"]
[WhiteElo "2484"]
[BlackElo "2385"]
[WhiteFideId "12404675"]
[BlackFideId "1702351"]
[EventDate "2019.04.01"]

1. d4 d5 2. c4 e6 3. Nf3 Nf6 4. g3 c5 5. cxd5 exd5 6. Bg2 Nc6 7. O-O Be7 8. dxc5
Bxc5 9. Qc2 Bb6 10. Nc3 h6 11. Na4 O-O 12. Nxb6 Qxb6 13. b3 Re8 14. Bb2 Ne4 15.
Rad1 Bf5 16. Qc1 Rad8 17. Nd4 Bg6 18. Qa1 f6 19. Rc1 Nd2 20. Rfd1 Ne4 21. e3 Ne5
22. f3 Nc5 23. Rc3 Ned3 24. Ba3 a5 25. Bxc5 Nxc5 26. Qc1 Ne6 27. Kf2 a4 28. bxa4
Ra8 29. f4 Be4 30. Bxe4 dxe4 31. Qc2 Nxd4 32. Rxd4 Kh8 33. Rxe4 Rxe4 34. Qxe4
Qb2+ 35. Rc2 Qa3 36. Qxb7 Qxa4 37. Rc8+ Rxc8 38. Qxc8+ Kh7 39. Qf5+ g6 40. Qb1
f5 41. Qb7+ Kh8 42. Qb2+ Kh7 43. Qb3 Qc6 44. Qd1 Qe6 45. Qc2 Qd5 46. Kg1 Kg7 47.
a4 g5 48. fxg5 hxg5 49. Qc3+ Kg6 50. Qe1 Qa2 51. a5 Kh6 52. h3 Kg6 53. g4 f4 54.
exf4 gxf4 55. Qe4+ Kg5 56. Qe7+ Kg6 57. Qe5 f3 58. Qf5+ Kg7 59. Qxf3 Qxa5 60.
Qe3 1-0

[Event "21st Dubai Open 2019"]
[Site "Dubai UAE"]
[Date "2019.04.09"]
[Round "9.21"]
[White "Quizon, Daniel"]
[Black "Divya, Deshmukh"]
[Result "1/2-1/2"]
[WhiteTitle "IM"]
[BlackTitle "WIM"]
[WhiteElo "2268"]
[BlackElo "2266"]
[WhiteFideId "5217911"]
[BlackFideId "35006916"]
[EventDate "2019.04.01"]

1. e4 c5 2. Nc3 Nc6 3. Nge2 Nd4 4. Nxd4 cxd4 5. Ne2 e5 6. c3 dxc3 7. Nxc3 Bc5 8.
Bc4 Nf6 9. O-O O-O 10. d3 h6 11. Kh1 d6 12. f4 Be6 13. f5 Bxc4 14. dxc4 Bd4 15.
Nd5 Rc8 16. Nxf6+ Qxf6 17. Qd3 b6 18. Rb1 Rc6 19. a4 Rfc8 20. b3 a6 21. Bd2 Rb8
22. Rf3 b5 23. cxb5 axb5 24. a5 b4 25. Rh3 d5 26. exd5 Rc5 27. Qe4 Rxa5 28. Qg4
Rba8 29. Rf3 Rxd5 30. Bxb4 Rd7 31. Rbf1 Bb2 32. Bc5 Rad8 33. Rg3 Bd4 34. Bb4 Bf2
35. Ba5 Bxg3 36. Bxd8 Rxd8 37. hxg3 Rd3 38. Rb1 Qd6 39. Kh2 Rd4 40. Qe2 e4 41.
Rf1 Qd5 42. Rf4 Kh7 43. Qe3 Rb4 44. Qe1 Rxb3 45. Qxe4 Qxe4 46. Rxe4 1/2-1/2

[Event "21st Dubai Open 2019"]
[Site "Dubai UAE"]
[Date "2019.04.09"]
[Round "9.22"]
[White "Shyaamnikhil, P"]
[Black "Pranav, V"]
[Result "1-0"]
[WhiteTitle "IM"]
[WhiteElo "2429"]
[BlackElo "2258"]
[WhiteFideId "5024218"]
[BlackFideId "25060783"]
[EventDate "2019.04.01"]

1. g3 e5 2. c4 c6 3. Nf3 d6 4. Nc3 f5 5. d4 e4 6. Ng5 Be7 7. h4 Nf6 8. Nh3 O-O
9. Nf4 Na6 10. a3 Nc7 11. d5 Nd7 12. f3 exf3 13. exf3 Bf6 14. Bd2 Re8+ 15. Kf2
Ne5 16. Nh5 Be7 17. Kg2 c5 18. Nf4 Bf8 19. b3 g6 20. Nh3 Nf7 21. Qc2 Qf6 22. Bd3
Bh6 23. Ng5 Ne5 24. Be2 Bg7 25. Rae1 h6 26. Nh3 Nf7 27. h5 g5 28. f4 g4 29. Nf2
Bd7 30. Bd3 Rf8 31. Ncd1 Nh8 32. Nxg4 fxg4 33. Bc3 Qd8 34. Bh7+ Kf7 35. Qg6+
Nxg6 36. hxg6# 1-0

[Event "21st Dubai Open 2019"]
[Site "Dubai UAE"]
[Date "2019.04.09"]
[Round "9.24"]
[White "Raahul, V S"]
[Black "Saurabh, Anand"]
[Result "1-0"]
[WhiteElo "2252"]
[BlackElo "2385"]
[WhiteFideId "25035525"]
[BlackFideId "5094496"]
[EventDate "2019.04.01"]

1. c4 e6 2. g3 d5 3. Bg2 Nf6 4. Nf3 dxc4 5. Na3 Bxa3 6. bxa3 O-O 7. Bb2 c5 8.
Ne5 Nbd7 9. Nxc4 Qe7 10. O-O Rb8 11. a4 b6 12. Ne5 Qd6 13. Nc6 Rb7 14. d4 Rc7
15. dxc5 Qxd1 16. Rfxd1 Nxc5 17. Be5 Rd7 18. Bd6 Nxa4 19. Bxf8 Kxf8 20. Nxa7 Nc3
21. Rxd7 Bxd7 22. Bf3 Nfd5 23. e4 Nb4 24. a3 Nd3 25. Kf1 e5 26. a4 Nxa4 27. Be2
Ndc5 28. f3 Nb3 29. Ra3 Nd4 30. Kf2 Nc5 31. Nc8 b5 32. Ra8 Bc6 33. Ra7 b4 34.
Nd6 Bd7 35. Ra5 Na4 36. Bb5 b3 37. Bxd7 b2 38. Rxe5 g6 39. Re8+ Kg7 40. Rb8 Nc3
41. Ba4 b1=Q 42. Rxb1 Nxb1 43. Ke3 Nc3 44. Be8 Ne6 45. Kd3 Nd1 46. Bxf7 Kf6 47.
Bxe6 Kxe6 48. Nc4 g5 49. Kd2 Nf2 50. Ke2 Nh3 51. Kf1 h5 1-0

[Event "21st Dubai Open 2019"]
[Site "Dubai UAE"]
[Date "2019.04.09"]
[Round "9.27"]
[White "Ravi, Thandalam Shanmugam"]
[Black "Manush, Shah"]
[Result "1-0"]
[WhiteTitle "IM"]
[BlackTitle "FM"]
[WhiteElo "2276"]
[BlackElo "2405"]
[WhiteFideId "5000238"]
[BlackFideId "5040680"]
[EventDate "2019.04.01"]

1. e4 c6 2. d4 d5 3. Nd2 dxe4 4. Nxe4 Bf5 5. Ng3 Bg6 6. h4 h6 7. Nf3 Nf6 8. Ne5
Bh7 9. Bd3 Bxd3 10. Qxd3 e6 11. Bd2 Nbd7 12. f4 Be7 13. O-O-O O-O 14. Qf3 Qc7
15. Rhe1 c5 16. Nxd7 Qxd7 17. dxc5 Qa4 18. Kb1 Bxc5 19. Bc3 Nd5 20. Nh5 Nb4 21.
Bxb4 Qxb4 22. a3 Qa5 23. b4 Bxb4 24. axb4 Qxb4+ 25. Qb3 Qc5 26. Re5 Qe7 27. f5
Qxh4 28. fxe6 fxe6 29. Qxe6+ Kh8 30. Qe7 Qg4 31. Rd7 Rf1+ 32. Kb2 Rg8 33. Rd8
Rff8 34. Qxf8 Rxf8 35. Rxf8+ Kh7 36. Nf6+ gxf6 37. Re7+ Kg6 38. Rg8+ 1-0